000 00710nam a2200265Ia 4500
005 20260121170416.0
008 008 260114s9999 xx 000 0 eng d
020 _a9783319711263
037 _aEBOOK
040 _aCRL
040 _beng
040 _cCRL
041 _2eng
041 _aeng
084 _qCRL
100 _aStephen N. Elliott, Ryan J. Kettler, Peter A. Beddow, Alexander Kurz
_91063531
245 0 _aHandbook of Accessible Instruction and Testing Practices
260 _bSpringer
260 _bSpringer
260 _c2018
856 _uhttps://link.springer.com/openurl?genre=book&isbn=978-3-319-71126-3
942 _cEBOOK
999 _c1629260
_d1629260